Guess all the states that have won the US state cup since 1999 - Statistics

General Stats
  • This quiz has been taken 10 times
  • The average score is 21 of 25
Answer Stats
Hint Answer % Correct
2000 Florida
100%
2001 Florida
100%
2003 Florida
100%
2004 Florida
100%
2006 Florida
100%
2011 Florida
100%
2007 Georgia
100%
2010 Georgia
100%
2012 Georgia
100%
2015 Georgia
100%
2016 Georgia
100%
2018 Georgia
100%
2019 Georgia
100%
2022 Georgia
100%
2023 Nevada
71%
2024 Nevada
71%
2002 Texas
71%
2005 Texas
71%
2008 Texas
71%
2009 Texas
71%
2013 Texas
71%
2014 Texas
71%
2020 Texas
71%
1999 Ohio
57%
2017 Maryland
29%
No matching quizzes found
Score Distribution
Percent of People with Each Score
Percentile by Number Answered
Your Score History
You have not taken this quiz